LEADER 01903nam 2200529 a 450 001 9910455394003321 005 20200520144314.0 010 $a1-280-19236-4 010 $a9786610192366 010 $a0-309-58905-3 010 $a0-585-02364-6 035 $a(CKB)110986584753434 035 $a(SSID)ssj0000226782 035 $a(PQKBManifestationID)11199674 035 $a(PQKBTitleCode)TC0000226782 035 $a(PQKBWorkID)10263416 035 $a(PQKB)11696350 035 $a(MiAaPQ)EBC3375990 035 $a(Au-PeEL)EBL3375990 035 $a(CaPaEBR)ebr10054981 035 $a(OCoLC)811258876 035 $a(EXLCZ)99110986584753434 100 $a19960215d1996 uy 0 101 0 $aeng 135 $aurcn||||||||| 181 $ctxt 182 $cc 183 $acr 200 10$aPreventing and mitigating AIDS in Sub-Saharan Africa$b[electronic resource] $eresearch and data priorities for the social and behavioral sciences /$fBarney Cohen and James Trussell, editors ; Panel on Data and Research Priorities for Arresting AIDS in Sub-Saharan Africa, Committee on Population, Commission on Behavioral and Social Sciences and Education, National Research Council 210 $aWashington, D.C. $cNational Academy Press$d1996 215 $axi, 356 p. $cill., maps 300 $aBibliographic Level Mode of Issuance: Monograph 311 $a0-309-05480-X 320 $aIncludes bibliographical references (p. 271-314) and index. 606 $aAIDS (Disease)$zAfrica, Sub-Saharan 608 $aElectronic books. 615 0$aAIDS (Disease) 676 $a614.5/993 701 $aCohen$b Barney$f1959-$0909498 701 $aTrussell$b James$0941999 801 0$bMiAaPQ 801 1$bMiAaPQ 801 2$bMiAaPQ 906 $aBOOK 912 $a9910455394003321 996 $aPreventing and mitigating AIDS in Sub-Saharan Africa$92125435 997 $aUNINA LEADER 01646nam 2200409 n 450 001 996391003103316 005 20221108072129.0 035 $a(CKB)1000000000665386 035 $a(EEBO)2240852091 035 $a(UnM)99843893 035 $a(EXLCZ)991000000000665386 100 $a19910805d1585 uy | 101 0 $aeng 135 $aurbn||||a|bb| 200 10$aCertaine select prayers, gathered out of S. Augustines meditations$b[electronic resource] $ewhich he calleth his priuate talke with God. Also his manuell, or booke of the contemplation of Christ 205 $aNewly printed, corrected, and compared with an old auncient written copy. 210 $aLondon $cPrinted by [J. Wolfe for] the assignes of Richard Day$d1585 215 $a[446] p 300 $aProbably not in fact by Augustine. 300 $aPrinter's name from STC. 300 $a"S. Augustines manuell, or litle booke of the contemplation of Christ" has separately dated title page; register continuous. 300 $aWith two final contents leaves. 300 $aSignatures: [B], C-Y (-[B]1, blank?); ² A-G. 300 $aSome pages marked and stained. 300 $aReproduction of the original in the British Library. 330 $aeebo-0018 606 $aChristian life$xCatholic authors 615 0$aChristian life$xCatholic authors. 701 $aAugustine$cSaint, Bishop of Hippo.$0152280 801 0$bCu-RivES 801 1$bCu-RivES 801 2$bCStRLIN 801 2$bWaOLN 906 $aBOOK 912 $a996391003103316 996 $aCertaine select prayers, gathered out of S. Augustines meditations$92304286 997 $aUNISA